<?xml version="1.0" encoding="UTF-8"?>
<record
    xmlns:xsi="http://www.w3.org/2001/XMLSchema-instance"
    xsi:schemaLocation="http://www.loc.gov/MARC21/slim http://www.loc.gov/standards/marcxml/schema/MARC21slim.xsd"
    xmlns="http://www.loc.gov/MARC21/slim">

  <leader>00422nam a22001817a 4500</leader>
  <controlfield tag="003">Ost</controlfield>
  <controlfield tag="005">20220826230201.0</controlfield>
  <controlfield tag="008">220826b        |||||||| |||| 00| 0 eng d</controlfield>
  <datafield tag="020" ind1=" " ind2=" ">
    <subfield code="a">NA</subfield>
  </datafield>
  <datafield tag="040" ind1=" " ind2=" ">
    <subfield code="c">BT-PhCST</subfield>
  </datafield>
  <datafield tag="050" ind1=" " ind2=" ">
    <subfield code="a">4168</subfield>
  </datafield>
  <datafield tag="082" ind1=" " ind2=" ">
    <subfield code="2">22</subfield>
    <subfield code="a">621.3120</subfield>
  </datafield>
  <datafield tag="100" ind1=" " ind2=" ">
    <subfield code="a">Gupta, J. B.</subfield>
  </datafield>
  <datafield tag="245" ind1=" " ind2=" ">
    <subfield code="a">A course in electrical power /</subfield>
  </datafield>
  <datafield tag="260" ind1=" " ind2=" ">
    <subfield code="b">S. K. Kataria &amp; Sons.,</subfield>
    <subfield code="c">c2002.</subfield>
  </datafield>
  <datafield tag="300" ind1=" " ind2=" ">
    <subfield code="a">0</subfield>
    <subfield code="b">ill. ;</subfield>
  </datafield>
  <datafield tag="942" ind1=" " ind2=" ">
    <subfield code="2">ddc</subfield>
    <subfield code="c">EE</subfield>
    <subfield code="0">21</subfield>
  </datafield>
  <datafield tag="999" ind1=" " ind2=" ">
    <subfield code="c">1663</subfield>
    <subfield code="d">1663</subfield>
  </datafield>
  <datafield tag="952" ind1=" " ind2=" ">
    <subfield code="0">0</subfield>
    <subfield code="1">0</subfield>
    <subfield code="2">ddc</subfield>
    <subfield code="4">0</subfield>
    <subfield code="7">0</subfield>
    <subfield code="a">LIB001</subfield>
    <subfield code="b">LIB001</subfield>
    <subfield code="d">2014-06-27</subfield>
    <subfield code="g">310.00</subfield>
    <subfield code="l">8</subfield>
    <subfield code="m">25</subfield>
    <subfield code="o">621.3120</subfield>
    <subfield code="p">5954</subfield>
    <subfield code="r">2024-10-22 00:00:00</subfield>
    <subfield code="s">2024-08-27</subfield>
    <subfield code="t">1</subfield>
    <subfield code="v">670.00</subfield>
    <subfield code="w">2014-06-27</subfield>
    <subfield code="y">EE</subfield>
  </datafield>
  <datafield tag="952" ind1=" " ind2=" ">
    <subfield code="0">0</subfield>
    <subfield code="1">0</subfield>
    <subfield code="2">ddc</subfield>
    <subfield code="4">0</subfield>
    <subfield code="7">0</subfield>
    <subfield code="a">LIB001</subfield>
    <subfield code="b">LIB001</subfield>
    <subfield code="d">2014-06-27</subfield>
    <subfield code="g">310.00</subfield>
    <subfield code="l">3</subfield>
    <subfield code="m">26</subfield>
    <subfield code="o">621.3120</subfield>
    <subfield code="p">5955</subfield>
    <subfield code="r">2018-02-06 00:00:00</subfield>
    <subfield code="s">2016-03-07</subfield>
    <subfield code="t">1</subfield>
    <subfield code="v">670.00</subfield>
    <subfield code="w">2014-06-27</subfield>
    <subfield code="y">EE</subfield>
  </datafield>
  <datafield tag="952" ind1=" " ind2=" ">
    <subfield code="0">0</subfield>
    <subfield code="1">0</subfield>
    <subfield code="2">ddc</subfield>
    <subfield code="4">0</subfield>
    <subfield code="7">0</subfield>
    <subfield code="a">LIB001</subfield>
    <subfield code="b">LIB001</subfield>
    <subfield code="d">2014-06-27</subfield>
    <subfield code="g">310.00</subfield>
    <subfield code="l">2</subfield>
    <subfield code="m">12</subfield>
    <subfield code="o">621.3120</subfield>
    <subfield code="p">5956</subfield>
    <subfield code="r">2017-06-13 00:00:00</subfield>
    <subfield code="s">2016-03-07</subfield>
    <subfield code="t">1</subfield>
    <subfield code="v">670.00</subfield>
    <subfield code="w">2014-06-27</subfield>
    <subfield code="y">EE</subfield>
  </datafield>
  <datafield tag="952" ind1=" " ind2=" ">
    <subfield code="0">0</subfield>
    <subfield code="1">0</subfield>
    <subfield code="2">ddc</subfield>
    <subfield code="4">0</subfield>
    <subfield code="7">0</subfield>
    <subfield code="a">LIB001</subfield>
    <subfield code="b">LIB001</subfield>
    <subfield code="d">2014-06-27</subfield>
    <subfield code="g">310.00</subfield>
    <subfield code="l">6</subfield>
    <subfield code="m">26</subfield>
    <subfield code="o">621.3120</subfield>
    <subfield code="p">5957</subfield>
    <subfield code="r">2021-01-20 00:00:00</subfield>
    <subfield code="s">2020-11-12</subfield>
    <subfield code="t">1</subfield>
    <subfield code="v">670.00</subfield>
    <subfield code="w">2014-06-27</subfield>
    <subfield code="y">EE</subfield>
  </datafield>
  <datafield tag="952" ind1=" " ind2=" ">
    <subfield code="0">0</subfield>
    <subfield code="1">0</subfield>
    <subfield code="2">ddc</subfield>
    <subfield code="4">0</subfield>
    <subfield code="7">0</subfield>
    <subfield code="a">LIB001</subfield>
    <subfield code="b">LIB001</subfield>
    <subfield code="d">2014-06-27</subfield>
    <subfield code="g">310.00</subfield>
    <subfield code="l">6</subfield>
    <subfield code="m">26</subfield>
    <subfield code="o">621.3120</subfield>
    <subfield code="p">5958</subfield>
    <subfield code="r">2023-06-06 00:00:00</subfield>
    <subfield code="s">2023-02-17</subfield>
    <subfield code="t">1</subfield>
    <subfield code="v">670.00</subfield>
    <subfield code="w">2014-06-27</subfield>
    <subfield code="y">EE</subfield>
  </datafield>
</record>
